| 000 | 00844cab a2200229 4500 | ||
|---|---|---|---|
| 001 | WB2725-45 | ||
| 008 | 090401t1991 xxu||||| |||| 00| 0 eng d | ||
| 035 | _a(Sirsi) u21237 | ||
| 041 | _aeng | ||
| 245 | _aRICS addresses conflicts of interest | ||
| 260 | _c1991 | ||
| 350 | _a0 | ||
| 490 |
_aRICS Press Release _vPR70/91 26 June 1991 3 pages |
||
| 520 | _aThe RICS "Final report of the Working Party on Conflicts of Interest " outlines changes and proposals for amending the institutions`s Rules and Regulations . Copies available from RICS Standards and Practice Department. | ||
| 650 | _aCONFLICTS OF INTEREST | ||
| 650 | _aESTATE AGENTS ACT 1979 | ||
| 650 | _aPROFESSIONAL ETHICS | ||
| 650 |
_aRESIDENTIAL PROPERTY _96266 |
||
| 690 | _aMANAGEMENT-BUSINESS MANAGEMENT-PROFESSIONAL PRACTICE | ||
| 942 | _n0 | ||
| 948 | _c04/03/1997 | ||
| 999 |
_c14255 _d14255 |
||